000 00426pab a2200157 454500
008 180718b2011 xxu||||| |||| 00| 0 eng d
100 _aBrajesh Kumar
245 _aSocio-economic and cultural profile and the success of advertising: An empirical study
260 _c2011
300 _ap.121-135.
650 _aAdvertising
700 _aPatra, Gourange
773 _aManagement and Change
908 _aN
909 _a97584
999 _c97583
_d97583